Trajectories of empire : transhispanic reflections on the African diaspora /

Bibliographic Details
Other Authors: Branche, Jerome (Editor)
Format: eBook
Language:English
Published: Nashville, Tennessee : Vanderbilt University Press, [2022]
Subjects:
Online Access:Connect to the full text of this electronic book

MARC

Tag First Indicator Second Indicator Subfields
LEADER 00000nam a2200000 i 4500
001 in00004591925
006 m o d
007 cr cnu---unuuu
008 220212s2022 tnua ob 001 0 eng
005 20220822184037.6
010 |a  2022000551 
020 |a 9780826504623  |q electronic book 
020 |a 0826504620  |q electronic book 
020 |a 9780826504616  |q electronic book 
020 |a 0826504612  |q electronic book 
020 |z 9780826504593  |q paperback 
020 |z 9780826504609  |q hardcover 
035 |a (DLC)jstor22573/CTV2RKWD6V 
037 |a 22573/ctv2rkwd6v  |b JSTOR 
040 |a NhCcYBP  |c NhCcYBP 
042 |a pcc 
043 |a e-po---  |a e-sp---  |a cl----- 
050 4 |a DP53.B45  |b T73 2022 
072 7 |a HIS  |x 024000  |2 bisacsh 
072 7 |a SOC  |x 054000  |2 bisacsh 
072 7 |a POL  |x 045000  |2 bisacsh 
082 0 0 |a 305.896046  |2 23/eng/20220328 
245 0 0 |a Trajectories of empire :  |b transhispanic reflections on the African diaspora /  |c edited by Jerome C. Branche. 
264 1 |a Nashville, Tennessee :  |b Vanderbilt University Press,  |c [2022] 
300 |a 1 online resource. 
336 |a text  |b txt  |2 rdacontent 
337 |a computer  |b c  |2 rdamedia 
338 |a online resource  |b cr  |2 rdacarrier 
504 |a Includes bibliographical references and index. 
505 0 |a Introduction / Jerome Branche -- Tracing the 'fragmentary facts' of a foundational slave voyage / Elizabeth Wright -- 'Christianos nigros' : Afro-Iberian confraternities' social and cultural roles / Miguel Valerio -- In search of the black swordsman : race and martial arts discourse in early modern Iberia / Miguel Olmedo -- On enslaving and impalement : the 'life' and death of Chicaba, enslaved black woman in empire / Jerome Branche -- Facing the enslaved : explorations for a transatlantic archive / Agnes Lugo-Ortiz -- A postcard from Wakanda to the King of Spain : the portrait of the 'Mulatos de Esmeraldas' / Baltasar Fra-Molinero -- A transhistorical and translocal view of the Luso-Brazilian imperial/colonial world through the poetry of Gregório de Matos (1633-1696) to Domingos Caldas Barbosa (1740-1800) / Lúcia Helena Costigan -- Specters of the womb : enslaved women, childbirth and pain in 19th century Brazil / Cassia Roth -- Dynamics and racial tensions in 21st century post-revolutionary Cuba / Alberto Abreu -- Senzalas e Quilombos Modernos : evoking the legacy of slavery in Brazilian hiphop / Eliseo Jacob -- Their bones are beneath us : tourism, modernization, and memory in the Gamboa neighborhood, Rio de Janeiro / Maria Andrea de Santos Soares. 
588 |a Description based on online resource; title from digital title page (viewed on August 02, 2022). 
650 0 |a Black people  |z Iberian Peninsula  |x History. 
650 0 |a Black people  |z Iberian Peninsula  |x Social conditions. 
650 0 |a Black people  |z Latin America  |x History. 
650 0 |a Black people  |z Latin America  |x Social conditions. 
650 0 |a African diaspora. 
651 0 |a Iberian Peninsula  |x Race relations  |x History. 
651 0 |a Latin America  |x Race relations  |x History. 
655 7 |a Electronic books.  |2 local 
700 1 |a Branche, Jerome,  |e editor. 
776 1 8 |i Print version:  |t Trajectories of empire  |d Nashville, Tennessee : Vanderbilt University Press, [2022]  |z 9780826504593  |w (DLC) 2022000550 
856 4 0 |u http://proxy.library.tamu.edu/login?url=https://www.jstor.org/stable/10.2307/j.ctv2rr3hp9  |z Connect to the full text of this electronic book  |t 0 
955 |a JSTOR DDA record 
999 f f |s e0f54215-1e58-4e39-9ec9-b147f79451f1  |i 7d7534c2-d6b7-4b27-bbc3-35c5af4228ef  |t 0 
952 f f |a Texas A&M University  |b College Station  |c Electronic Resources  |d Available Online  |t 0  |e DP53.B45 T73 2022  |h Library of Congress classification 
998 f f |a DP53.B45 T73 2022  |t 0  |l Available Online